| 000 | 00812nam a22002177a 4500 | ||
|---|---|---|---|
| 003 | BUBTL | ||
| 008 | 180206b xxu||||| |||| 00| 0 eng d | ||
| 041 | _aবাংলা | ||
| 082 | _a340.5/ C4595b/ 2006 | ||
| 100 |
_91806 _aচৌধুরী,আজিজুর রহমান |
||
| 245 |
_aব্যবহার-তত্ব (আইন বিজ্ঞান)/ _bআজিজুর রহমান চৌধুরী |
||
| 250 | _a৬ষ্ঠ | ||
| 260 |
_aঢাকা : _bক্ষনিকা ল' পাবলিশার্স, _cc২০০৬ |
||
| 300 |
_aviii,248 p. : _cill. ; 21 cm. |
||
| 526 | _aLaw | ||
| 650 | 0 |
_926 _aLaw |
|
| 700 |
_95370 _aআজিজুর রহমান চৌধুরী |
||
| 856 |
_k0 _l0 _yDownload |
||
| 942 |
_2ddc _cBK |
||
| 999 |
_c5683 _d5683 |
||